MARC details
| 000 -CABECERA |
| campo de control de longitud fija |
00871cam a2200253 a 4500 |
| 001 - NÚMERO DE CONTROL |
| campo de control |
000011872 |
| 005 - FECHA Y HORA DE LA ÚLTIMA TRANSACCIÓN |
| campo de control |
20200929162611.0 |
| 008 - DATOS DE LONGITUD FIJA--INFORMACIÓN GENERAL |
| campo de control de longitud fija |
730710s1973 nyua 001 0 fre d |
| 020 ## - NÚMERO INTERNACIONAL ESTÁNDAR DEL LIBRO |
| Número Internacional Estándar del Libro |
0030070112 |
| 040 ## - FUENTE DE LA CATALOGACIÓN |
| Centro catalogador/agencia de origen |
DO-SdBNP |
| Lengua de catalogación |
eng |
| Centro/agencia transcriptor |
LC |
| Centro/agencia modificador |
BNPHU |
| 041 0# - CÓDIGO DE LENGUA |
| Código de lengua del texto/banda sonora o título independiente |
freeng |
| 050 00 - SIGNATURA TOPOGRÁFICA DE LA BIBLIOTECA DEL CONGRESO |
| Número de clasificación |
PC2129.E5 |
| Número de documento/Ítem |
H37 1973 |
| 082 ## - NÚMERO DE LA CLASIFICACIÓN DECIMAL DEWEY |
| Número de clasificación |
448/.3/421 |
| Número de documento/Ítem |
H313b, 1973 |
| 049 ## - FONDOS LOCALES (OCLC) |
| Fondos de biblioteca |
BNGR |
| 100 1# - ENTRADA PRINCIPAL--NOMBRE DE PERSONA |
| Nombre de persona |
Harris, Julian Earle, |
| Fechas asociadas al nombre |
1896- |
| 9 (RLIN) |
28056 |
| 245 10 - MENCIÓN DE TÍTULO |
| Título |
Basic conversational French / |
| Mención de responsabilidad, etc. |
Julian Harris y André Lévêque. |
| 250 ## - MENCIÓN DE EDICIÓN |
| Mención de edición |
5a ed. |
| 260 ## - PUBLICACIÓN, DISTRIBUCIÓN, ETC. |
| Lugar de publicación, distribución, etc. |
New York : |
| Nombre del editor, distribuidor, etc. |
Holt, Rinehart and Winston, |
| Fecha de publicación, distribución, etc. |
1973. |
| 300 ## - DESCRIPCIÓN FÍSICA |
| Extensión |
xvi, 454, lvi p. : |
| Otras características físicas |
il. ; |
| Dimensiones |
24 cm. |
| 650 #0 - PUNTO DE ACCESO ADICIONAL DE MATERIA--TÉRMINO DE MATERIA |
| Término de materia o nombre geográfico como elemento de entrada |
French language |
| Subdivisión general |
Textbooks for foreign speakers |
| -- |
English. |
| 9 (RLIN) |
28057 |
| 650 #0 - PUNTO DE ACCESO ADICIONAL DE MATERIA--TÉRMINO DE MATERIA |
| Término de materia o nombre geográfico como elemento de entrada |
French language |
| Subdivisión general |
Conversation and phrase books |
| -- |
English. |
| 9 (RLIN) |
28058 |
| 700 1# - PUNTO DE ACCESO ADICIONAL--NOMBRE DE PERSONA |
| Nombre de persona |
Lévêque, André, |
| Fechas asociadas al nombre |
1904- |
| 9 (RLIN) |
28059 |
| 910 ## - DATOS DE OPCIÓN DEL USUARIO (OCLC) |
| Datos de opción del usuario |
Catalogación por copia / LC |